000 00792nam a22002177a 4500
999 _c13733
_d13733
003 AR-CdUCM
008 190416b ||||| |||| 00| 0 spa d
040 _aMUNICIPALIDAD PROVINCIAL DEL CUSCO
_cBIBLIOTECA MUNICIPAL DEL CUSCO
082 _a869.57 /
_bES77
100 _aEscobar, Alberto
_91581
245 _aTensión, Lenguaje y Estructura :
_bLas Tradiciones Peruanas /
260 _aLima :
_bImprenta de la Universidad Nacional Mayor de San Marcos ;
_c1962.
300 _a55 páginas ;
_c25cm
500 _aPublicaciones del departamento de Filología
505 _aContenido: Tradiciones
650 _aTradiciones
_9229
650 _aPerú
_935
710 _aFacultad de Letras - Universidad Nacional Mayor de San Marcos
_932248
942 _2ddc
_cLIBROS
945 _anom
_d2019-04-16